000 00649nam a22001697a 4500
008 100321t xxu||||| |||| 00| 0 eng d
020 _a8184311648
020 _a9788184311648
082 _222
_a621.38275
_bBAG
100 _aBagad, V.S.
_912902
245 _aOptical & Microwave communication /
_cVilas S.Bagad.
260 _aPune; India:
_bTechnical Publications,
_cc.[2009].
300 _a1 Vol.;
_c21 cm.
650 _aOptical communications.
_912903
942 _2ddc
_cBB
999 _c13734
_d13734